| 000 | 00783nam a22001937a 4500 | ||
|---|---|---|---|
| 999 |
_c59911 _d59911 |
||
| 003 | Ge_BSU | ||
| 005 | 20230510111658.0 | ||
| 008 | 230510s2012 ge ||||| |||| 00| 0 geo d | ||
| 020 | _a9789941440168 | ||
| 041 | _ageo | ||
| 080 | _a821.353.1-1 ფ-96 | ||
| 100 |
_aფხოველი, ჯარჯი _918064 |
||
| 245 |
_a100 ლექსი / _cჯარჯი ფხოველი. |
||
| 264 |
_aთბილისი : _bინტელექტი, _c2012. |
||
| 300 |
_a137 გვ. ; _b20 სმ. |
||
| 490 |
_a100 ლექსი, 1512-455X / _vსაგამომც. პროექტის ავტ. კახმეგ კუდავა ; წ. 63 |
||
| 700 |
_aკალანდია, ზაურ _eშემდგენელი _918065 |
||
| 942 |
_2udc _cBK |
||